Statystyki dla Flagi państw z orłami

Kliknij tutaj aby rozwiązać quiz!

Ogólne statystyki

  • Ten quiz został rozwiązany 8 razy
  • Średni wynik to 8 z 9

Statystyki odpowiedzi

Odpowiedź% Poprawnych
Albania
100%
Egipt
88%
Kazachstan
88%
Meksyk
88%
Mołdawia
88%
Serbia
88%
Czarnogóra
75%
Zambia
75%
Zimbabwe
63%

Rozkład punktacji

Percentyl według liczby udzielonych odpowiedzi

Procent ludzi z każdym wynikiem

Twoja historia wyników

Nie rozwiązałeś tego quizu